Clinical Management of child abuse and neglect (Record no. 22854)
[ view plain ]
| 000 -LEADER | |
|---|---|
| fixed length control field | 00457nam a22001817a 4500 |
| 003 - CONTROL NUMBER IDENTIFIER | |
| control field | SGT |
| 020 ## - INTERNATIONAL STANDARD BOOK NUMBER | |
| International Standard Book Number | 9780867151285 |
| 082 ## - DEWEY DECIMAL CLASSIFICATION NUMBER | |
| Classification number | 617.522044 |
| Item number | C84S |
| 100 ## - MAIN ENTRY--PERSONAL NAME | |
| Personal name | Sanger, Roger G. |
| 245 ## - TITLE STATEMENT | |
| Title | Clinical Management of child abuse and neglect |
| 250 ## - EDITION STATEMENT | |
| Edition statement | 1st |
| 260 ## - PUBLICATION, DISTRIBUTION, ETC. (IMPRINT) | |
| Name of publisher, distributor, etc | Quintessence Books |
| Year of Publication | 1984 |
| 300 ## - PAGE DESCRIPTION | |
| No. of Pages | 168 |
| 650 ## - SUBJECT ADDED ENTRY--TOPICAL TERM | |
| Topical term or geographic name as entry element | Clinical Management |
| 653 ## - KEYWORDS--INDEX TERM | |
| Keyword term | Child abuse; Clinical management |
| 700 ## - ADDED ENTRY--PERSONAL NAME | |
| Personal name | Bross, Donald C. |
| 942 ## - ADDED ENTRY ELEMENTS (KOHA) | |
| Source of classification or shelving scheme | Dewey Decimal Classification |
| Koha item type | Books |
| Withdrawn status | Lost status | Source of classification or shelving scheme | Damaged status | Not for loan | Home library | Current library | Shelving location | Date acquired | Vendor Name | Cost, normal purchase price | SGTU | Bill Number | Full call number | Accession No. (Barcode) | Date last seen | Bill Date | Koha item type |
|---|---|---|---|---|---|---|---|---|---|---|---|---|---|---|---|---|---|
| Dewey Decimal Classification | Not For Loan | SGT Dental Library | SGT Dental Library | Reference Book | 11/06/2022 | Ahuja Book Co. Pvt. Ltd. | 3520.00 | SGTU | 14481 | 617.522044 C84S | FD8947 | 11/06/2022 | 19/05/2022 | Books |